Veľký slovensko-ruský slovník. 6.diel. Vy-Ž
Gespeichert in:
| Format: | Buch |
|---|---|
| Sprache: | Mehrsprachig |
| Veröffentlicht: |
Bratislava :
Veda,
1995
|
| Ausgabe: | 1.vyd. |
| Schlagworte: | |
| Tags: |
Keine Tags, Fügen Sie das erste Tag hinzu!
|
MARC
| LEADER | 00000nam a22000003a 4500 | ||
|---|---|---|---|
| 001 | stu45784 | ||
| 005 | 20150408180235.7 | ||
| 008 | 970321s1995----cs------------------mul-d | ||
| 020 | |a 80-224-0433-0 | ||
| 040 | |a STU |b slo | ||
| 041 | 0 | |a mul | |
| 044 | |a cs | ||
| 080 | |a 801.323.2=854=82 | ||
| 245 | |a Veľký slovensko-ruský slovník. 6.diel. Vy-Ž | ||
| 250 | |a 1.vyd. | ||
| 260 | |a Bratislava : |b Veda, |c 1995 | ||
| 300 | |a 695 s | ||
| 650 | 7 | |a Slovníky slovensko-ruské |2 stusub | |
| 996 | |b 284M051199 |c M*762/6-1 |l MMKN |s A |a 24 |w stu45784_0001 | ||
| 996 | |b 284M047365 |c M*762/6-2 |l MMKN |s A |a 24 |w stu45784_0002 | ||
| 996 | |b 284M045983 |c M*762/6-3 |l MMKN |s A |a 24 |w stu45784_0003 | ||
| 996 | |b 284M045984 |c M*762/6-4 |l MMKN |s A |a 24 |w stu45784_0004 | ||
| 996 | |b 284M045982 |c M*762/6-5 |l MMKN |s A |a 24 |w stu45784_0005 | ||